00382nam a2200157Ia 4500001000500000005001700005008004100022041000800063082001500071100003200086245005300118260000900171300002800180650000800208654000800216304220260306144851.0260306t2015||||xx |||||||||||||| ||spa|| aESP a245.2bL27 aLassus, Alain-Marie deeAUT 0aLas virtudes teologales:bfe, esperanza, caridad c2015 a187 páginas :c19 cm. aGEN aCHU